[Event "PARDUBICE OPEN 2007"]
[Site "?"]
[Date "2007.07.27"]
[Round "8"]
[White "Oleksienko, Mikhailo"]
[Black "Feller, Sebastian"]
[Result "1-0"]
[WhiteElo "2567"]
[BlackElo "2476"]
[PlyCount "57"]
[EventDate "2007.??.??"]

1. e4 e5 2. Nf3 Nc6 3. Bb5 Nf6 4. O-O Nxe4 5. d4 Nd6 6. dxe5 Nxb5 7. a4 Nbd4 8.
Nxd4 d5 9. Nxc6 bxc6 10. Qd3 Be6 11. Be3 Qd7 12. Qc3 Rb8 13. Bxa7 Rb4 14. Rd1
d4 15. Rxd4 Rxd4 16. Qxd4 c5 17. Qd3 Be7 18. Nc3 Bf5 19. Qxd7+ Kxd7 20. Nd5 Bf8
21. a5 Kc6 22. c4 Kb7 23. Bb6 cxb6 24. axb6 Be6 25. Ra7+ Kb8 26. f4 g6 27. b3
h5 28. h4 Bh6 29. Ne7 1-0

[Event "PARDUBICE OPEN 2007"]
[Site "?"]
[Date "2007.07.27"]
[Round "8"]
[White "Bosiocic, Marin"]
[Black "Shimanov, Alexander"]
[Result "0-1"]
[WhiteElo "2496"]
[BlackElo "2428"]
[PlyCount "74"]
[EventDate "2007.??.??"]

1. e4 e6 2. b3 d5 3. Bb2 dxe4 4. Nc3 Nf6 5. Qe2 Nc6 6. O-O-O Nd4 7. Qe1 Be7 8.
Nxe4 a5 9. Nf3 Nxf3 10. gxf3 a4 11. Rg1 axb3 12. axb3 Ba3 13. Bxa3 Rxa3 14. Kb2
Ra8 15. Qe3 Qe7 16. Ra1 Rxa1 17. Kxa1 Nd5 18. Qd4 f6 19. Nc3 Nb4 20. Kb2 e5 21.
Qh4 Bf5 22. Rxg7 Qxg7 23. Qxb4 c6 24. Qd6 Kf7 25. Ne4 Re8 26. Bc4+ Kg6 27. Ng3
Qe7 28. Nxf5 Kxf5 29. Qd3+ Kg5 30. h4+ Kh6 31. Qf5 Kg7 32. h5 Kh6 33. Kb1 Qg7
34. Bd3 Re7 35. f4 exf4 36. Qxf4+ Qg5 37. Qd6 Re1+ 0-1

[Event "PARDUBICE OPEN 2007"]
[Site "?"]
[Date "2007.07.27"]
[Round "8"]
[White "Grachev, Boris"]
[Black "Heberla, Bartolomiej"]
[Result "1/2-1/2"]
[WhiteElo "2601"]
[BlackElo "2484"]
[PlyCount "30"]
[EventDate "2007.??.??"]

1. d4 d5 2. Nf3 Nf6 3. c4 e6 4. e3 a6 5. a3 b6 6. Nbd2 Bb7 7. b4 c5 8. bxc5
bxc5 9. Rb1 Ra7 10. Qc2 cxd4 11. Nxd4 Be7 12. cxd5 Bxd5 13. Qa4+ Nbd7 14. Bc4
O-O 15. Bxd5 Nc5 1/2-1/2

[Event "PARDUBICE OPEN 2007"]
[Site "?"]
[Date "2007.07.27"]
[Round "8"]
[White "Schlosser, Philipp"]
[Black "Adla, Diego"]
[Result "1-0"]
[WhiteElo "2562"]
[BlackElo "2472"]
[PlyCount "93"]
[EventDate "2007.??.??"]

1. c4 Nf6 2. Nc3 e5 3. Nf3 Nc6 4. d4 exd4 5. Nxd4 Bc5 6. Nxc6 bxc6 7. g3 d5 8.
Bg2 O-O 9. O-O Be6 10. Qa4 Qe8 11. Bg5 Rb8 12. Bxf6 gxf6 13. cxd5 cxd5 14. Qc2
c6 15. b3 Bd6 16. Rfd1 Qe7 17. e4 Rbc8 18. Rd3 Rfd8 19. Rad1 Be5 20. Qd2 d4 21.
Na4 c5 22. Nb2 f5 23. Re1 fxe4 24. Bxe4 Bg7 25. Rf3 Qd7 26. Nd3 f5 27. Rf4 fxe4
28. Rfxe4 Re8 29. Ne5 Qd8 30. h4 Bf5 31. Nc6 Rxe4 32. Nxd8 Rxe1+ 33. Qxe1 Rxd8
34. Qe7 Rf8 35. Qxc5 d3 36. g4 Be6 37. Qc6 Rf6 38. g5 d2 39. Qd6 Rf7 40. Qxd2
Rd7 41. Qe2 Bf7 42. Kg2 Rd4 43. Kg3 h6 44. f4 Bf8 45. f5 Bd5 46. Qa6 Rd2 47.
Kf4 1-0

[Event "PARDUBICE OPEN 2007"]
[Site "?"]
[Date "2007.07.27"]
[Round "8"]
[White "Gajewski, Grzegorz"]
[Black "Mochalov, Evgeny V"]
[Result "1/2-1/2"]
[WhiteElo "2556"]
[BlackElo "2429"]
[PlyCount "139"]
[EventDate "2007.??.??"]

1. d4 Nf6 2. c4 e6 3. Nf3 d5 4. Nc3 Bb4 5. Bg5 c5 6. cxd5 exd5 7. e3 O-O 8.
dxc5 Be6 9. Qd4 Nc6 10. Qh4 Bxc5 11. Bd3 h6 12. Bxf6 Qxf6 13. Qxf6 gxf6 14. Nb5
Ne5 15. Ke2 Nxf3 16. Kxf3 Rac8 17. Nd4 Bxd4 18. exd4 Rc6 19. Rhc1 Rfc8 20. Rxc6
Rxc6 21. Ke3 Kf8 22. Kd2 Ke7 23. Rc1 Rxc1 24. Kxc1 f5 25. f4 Bd7 26. Kd2 Kd6
27. Ke3 Ke7 28. Kf3 Kf6 29. Kg3 Kg6 30. Kh4 Kg7 31. Kh5 f6 32. Kh4 Kf8 33. Be2
Kf7 34. Bf3 Be6 35. Bh5+ Kf8 36. Bg6 Bd7 37. Kh5 Kg7 38. a3 Bc8 39. Be8 Be6 40.
h3 Kf8 41. Bb5 Kg7 42. g4 fxg4 43. hxg4 Bf7+ 44. Kh4 Be6 45. Ba4 Kf8 46. Kh5
Kg7 47. Be8 Kf8 48. Bg6 Kg7 49. Be8 Kf8 50. Ba4 Kg7 51. Bd1 Bf7+ 52. Kh4 Be6
53. Bc2 Bd7 54. b4 Be6 55. b5 Bd7 56. a4 b6 57. g5 hxg5+ 58. fxg5 Kf7 59. Kh5
fxg5 60. Kxg5 Ke7 61. Bf5 Be8 62. Bg4 Bf7 63. Kf5 Kd6 64. Kg5 Ke7 65. Bf3 Be6
66. Bg2 Kd6 67. Kf4 Bf7 68. Bh3 Bh5 69. Bg4 Bg6 70. Bf5 1/2-1/2

[Event "PARDUBICE OPEN 2007"]
[Site "?"]
[Date "2007.07.27"]
[Round "8"]
[White "Smerdon, David"]
[Black "Kravtsiv, Martyn"]
[Result "1/2-1/2"]
[WhiteElo "2461"]
[BlackElo "2492"]
[PlyCount "21"]
[EventDate "2007.??.??"]

1. e4 e5 2. Nf3 Nc6 3. Bc4 Nf6 4. d4 exd4 5. O-O Bc5 6. e5 d5 7. exf6 dxc4 8.
Re1+ Be6 9. Ng5 Qd5 10. Nc3 Qf5 11. Nce4 1/2-1/2

[Event "PARDUBICE OPEN 2007"]
[Site "?"]
[Date "2007.07.27"]
[Round "8"]
[White "Kotronias, Vasilios"]
[Black "Ibrayev, Nurlan"]
[Result "0-1"]
[WhiteElo "2602"]
[BlackElo "2468"]
[PlyCount "108"]
[EventDate "2007.??.??"]

1. e4 c5 2. Nf3 e6 3. d4 cxd4 4. Nxd4 a6 5. Bd3 d6 6. O-O Nd7 7. c4 g6 8. Nc3
Bg7 9. Nb3 Qc7 10. a4 Ngf6 11. a5 O-O 12. Bf4 Nh5 13. Be3 b6 14. Be2 Nhf6 15.
Qd2 bxa5 16. Nxa5 Rb8 17. f3 Ne8 18. Ra3 f5 19. b4 Bxc3 20. Qxc3 fxe4 21. fxe4
Rxf1+ 22. Kxf1 Nef6 23. b5 Nxe4 24. Qd4 Ndc5 25. Nc6 e5 26. Qd1 Ra8 27. Qd5+
Qf7+ 28. Bf3 Bb7 29. Ne7+ Kf8 30. Qxf7+ Kxf7 31. Bxc5 Kxe7 32. Bb4 axb5 33.
Rxa8 Bxa8 34. cxb5 Bd5 35. Ke1 Nf6 36. b6 Bxf3 37. gxf3 Nd7 38. b7 Nb8 39. Kf2
Kd7 40. Kg3 Kc7 41. Kg4 Nc6 42. Ba3 d5 43. Kg5 Kxb7 44. Kf6 d4 45. Kg7 d3 46.
Bc1 Nd4 47. Kxh7 Nxf3 48. Kxg6 Kc6 49. Kf5 Kd5 50. h3 d2 51. Bxd2 Nxd2 52. h4
Ne4 53. Kg6 Ng3 54. Kg5 Ke6 0-1

[Event "PARDUBICE OPEN 2007 "]
[Site "CEZ arena,  Pardubice  (CZE)"]
[Date "2007.07.27"]
[Round "8"]
[White "Akesson, Ralf"]
[Black "Markos, Jan"]
[Result "1-0"]
[WhiteElo "2477"]
[BlackElo "2559"]
[PlyCount "65"]
[EventDate "2007.07.20"]

1. d4 Nf6 2. c4 g6 3. Nc3 Bg7 4. e4 d6 5. Be2 O-O 6. Nf3 Na6 7. O-O e5 8. Be3
Ng4 9. Bg5 Qe8 10. dxe5 dxe5 11. h3 Nf6 12. Qc2 c6 13. Be3 Nh5 14. c5 Nf4 15.
Bxa6 bxa6 16. Rfe1 Qe7 17. Rad1 Rb8 18. Rd6 Qb7 19. Bxf4 exf4 20. Re2 Re8 21.
e5 Bf5 22. Qa4 Bf8 23. Qxf4 Bxd6 24. cxd6 f6 25. g4 fxe5 26. Rxe5 Bc2 27. Ng5
h6 28. Qc4+ Kh8 29. Rxe8+ Rxe8 30. Qd4+ Kg8 31. d7 Re1+ 32. Kg2 c5+ 33. Qd5+
1-0

[Event "PARDUBICE OPEN 2007 "]
[Site "CEZ arena,  Pardubice  (CZE)"]
[Date "2007.07.27"]
[Round "8"]
[White "Bobras, Piotr"]
[Black "Safarli, Eltaj"]
[Result "1-0"]
[WhiteElo "2558"]
[BlackElo "2471"]
[PlyCount "115"]
[EventDate "2007.07.20"]

1. e4 c5 2. Nf3 Nc6 3. d4 cxd4 4. Nxd4 Nf6 5. Nc3 e5 6. Ndb5 d6 7. Bg5 a6 8.
Na3 b5 9. Bxf6 gxf6 10. Nd5 f5 11. Bd3 Be6 12. O-O Bxd5 13. exd5 Ne7 14. c3 Bg7
15. Qh5 e4 16. Bc2 Qc8 17. Rae1 O-O 18. Kh1 Rb8 19. g4 b4 20. cxb4 Bxb2 21.
gxf5 Nxd5 22. Bb3 Nf6 23. Qh6 Kh8 24. Nc4 Qxf5 25. f3 Bc3 26. Nxd6 Qg6 27. Qf4
Rxb4 28. Rg1 Qh5 29. Nxf7+ Rxf7 30. Bxf7 Qxf7 31. Rc1 exf3 32. Qxf3 Rc4 33. Rg2
Bd4 34. Qa8+ Ne8 35. Re1 Be5 36. Reg1 h5 37. Rg8+ Kh7 38. Qxe8 Qxe8 39. Rxe8
Bf4 40. Re7+ Kh6 41. Re6+ Kh7 42. Rd1 Rc7 43. Rxa6 h4 44. Kg2 Kg7 45. Rd4 Bg5
46. Rg4 Rc5 47. Rb4 Rc7 48. Kf3 Be7 49. Rg4+ Kf7 50. Rf4+ Kg7 51. Kg4 Rc5 52.
Rf5 Rc1 53. Kh5 Rg1 54. Re6 Bd8 55. Re4 Rd1 56. Rg4+ Kh7 57. Rf7+ Kh8 58. Kh6
1-0

[Event "PARDUBICE OPEN 2007 "]
[Site "CEZ arena,  Pardubice  (CZE)"]
[Date "2007.07.27"]
[Round "8"]
[White "Maslak, Konstantin"]
[Black "Kuljasevic, Davorin"]
[Result "1-0"]
[WhiteElo "2548"]
[BlackElo "2454"]
[PlyCount "105"]
[EventDate "2007.07.20"]

1. e4 c5 2. Nf3 Nc6 3. Bb5 e6 4. Bxc6 bxc6 5. d3 Ne7 6. Qe2 Ng6 7. h4 h5 8. e5
f6 9. Qe4 Kf7 10. Nbd2 d5 11. exd6 Qxd6 12. Qa4 e5 13. Nc4 Qc7 14. Qa5 Qb7 15.
Be3 Be6 16. Nfd2 Bd5 17. f3 Nf4 18. Bxf4 exf4 19. O-O-O Be7 20. Ne4 Rhd8 21.
Nxc5 Qb5 22. Nb3 Rd7 23. Qxb5 cxb5 24. Nca5 Rc8 25. Kb1 Be6 26. Nd2 Rdc7 27. c3
Rh8 28. Nab3 g5 29. Nd4 Bd7 30. c4 a6 31. b3 Kg6 32. Ne4 Rd8 33. Nc3 Bc5 34.
Nde2 Bf5 35. Nd5 Rb7 36. Kb2 Be6 37. hxg5 fxg5 38. Nexf4+ gxf4 39. Nxf4+ Kf7
40. Nxe6 Kxe6 41. Rxh5 Bd4+ 42. Kc2 b4 43. Re1+ Kf7 44. g4 Bg7 45. f4 Re7 46.
Rxe7+ Kxe7 47. Kd2 Kf7 48. Rf5+ Kg8 49. Ra5 Re8 50. d4 Bxd4 51. Kd3 Bb6 52.
Rxa6 Re3+ 53. Kd2 1-0

[Event "PARDUBICE OPEN 2007 "]
[Site "CEZ arena,  Pardubice  (CZE)"]
[Date "2007.07.27"]
[Round "8"]
[White "Kovacevic, Blazimir"]
[Black "Gavrilov, Alexei"]
[Result "1/2-1/2"]
[WhiteElo "2457"]
[BlackElo "2512"]
[PlyCount "125"]
[EventDate "2007.07.20"]

1. c4 e5 2. g3 Nf6 3. Bg2 c6 4. d4 Bb4+ 5. Bd2 Bxd2+ 6. Qxd2 d6 7. Nc3 O-O 8.
e3 Be6 9. b3 exd4 10. Qxd4 d5 11. cxd5 Nxd5 12. Nge2 Nxc3 13. Qxc3 Qe7 14. O-O
Na6 15. Nd4 Rfd8 16. Rfd1 Rd6 17. Rd2 Rad8 18. Rad1 g6 19. Bf1 Nc7 20. Nxe6
Nxe6 21. h4 Rxd2 22. Rxd2 Rxd2 23. Qxd2 h5 24. Bc4 Nc5 25. b4 Nd7 26. Qd4 b6
27. Kg2 c5 28. bxc5 bxc5 29. Qd3 Kg7 30. Bb5 Ne5 31. Qd5 Ng4 32. Be2 Nf6 33.
Qb3 Ne4 34. Bf3 f5 35. a4 Kh7 36. a5 Nd2 37. Qd5 Nxf3 38. Kxf3 Kg7 39. a6 Kf6
40. Ke2 Qe6 41. Qd8+ Kf7 42. Qc7+ Kf6 43. Qb7 Qc4+ 44. Kf3 Qg4+ 45. Kg2 Qe4+
46. Kg1 Qe7 47. Kf1 c4 48. Ke1 Qc5 49. Kd2 c3+ 50. Kc2 Qa3 51. Qc6+ Kf7 52. Kd3
Qb2 53. Qxc3 Qxf2 54. Qc7+ Ke6 55. Qxa7 Qf1+ 56. Kd2 Qf2+ 57. Kc3 Qe1+ 58. Kc4
Qe2+ 59. Kb4 Qd2+ 60. Kb5 Qd3+ 61. Ka5 Qd2+ 62. Kb5 Qd3+ 63. Ka5 1/2-1/2

[Event "PARDUBICE OPEN 2007 "]
[Site "CEZ arena,  Pardubice  (CZE)"]
[Date "2007.07.27"]
[Round "8"]
[White "Warakomski, Tomasz"]
[Black "Kuznetsov, Viktor"]
[Result "1-0"]
[WhiteElo "2506"]
[BlackElo "2448"]
[PlyCount "61"]
[EventDate "2007.07.20"]

1. e4 c5 2. Nf3 d6 3. d4 cxd4 4. Nxd4 Nf6 5. Nc3 a6 6. f4 e5 7. Nf3 Nbd7 8. a4
Be7 9. Bd3 O-O 10. O-O Nc5 11. Qe1 exf4 12. Bxf4 d5 13. e5 Nxd3 14. cxd3 Ne8
15. Qg3 Bf5 16. d4 Qd7 17. Bg5 Bb4 18. Nh4 Bc2 19. Rf2 Bxc3 20. Qxc3 Rc8 21.
Qa3 f6 22. exf6 Nxf6 23. Bxf6 Rxf6 24. Rxf6 gxf6 25. Qg3+ Kh8 26. Qf4 Qe7 27.
Rc1 Rc4 28. b3 Rc6 29. Qb8+ Kg7 30. Qg3+ Kh8 31. Rxc2 1-0

[Event "PARDUBICE OPEN 2007 "]
[Site "CEZ arena,  Pardubice  (CZE)"]
[Date "2007.07.27"]
[Round "8"]
[White "Vovk, Andriy"]
[Black "Meduna, Eduard"]
[Result "0-1"]
[WhiteElo "2504"]
[BlackElo "2392"]
[PlyCount "66"]
[EventDate "2007.07.20"]

1. e4 c6 2. d4 d5 3. e5 Bf5 4. Nf3 e6 5. Be2 h6 6. O-O Ne7 7. c3 Bh7 8. Na3 Nf5
9. Nc2 Be7 10. Ne3 O-O 11. Nxf5 Bxf5 12. Be3 Nd7 13. Nd2 f6 14. f4 fxe5 15.
dxe5 Bc5 16. Bd4 Bxd4+ 17. cxd4 Qb6 18. Nb3 a5 19. a4 c5 20. Bb5 c4 21. Bxd7
cxb3 22. Rf3 Rf7 23. Rxb3 Qc7 24. g4 Bc2 25. Qc1 Qxd7 26. Qxc2 Rxf4 27. Qg6
Raf8 28. Rb6 Qc7 29. Rb3 Qc4 30. Rd3 Qc2 31. Qxe6+ Kh7 32. Rdd1 Qf2+ 33. Kh1
Qf3+ 0-1

[Event "PARDUBICE OPEN 2007 "]
[Site "CEZ arena,  Pardubice  (CZE)"]
[Date "2007.07.27"]
[Round "8"]
[White "Maiorov, Nikita"]
[Black "Gumula, Daniel"]
[Result "1-0"]
[WhiteElo "2487"]
[BlackElo "2387"]
[PlyCount "102"]
[EventDate "2007.07.20"]

1. d4 Nf6 2. c4 e6 3. Nc3 Bb4 4. Qc2 c5 5. dxc5 O-O 6. a3 Bxc5 7. Nf3 b6 8. Bf4
Bb7 9. Rd1 Nc6 10. b4 Nh5 11. Bc1 Be7 12. e4 Qb8 13. Rxd7 Nf6 14. Rd1 a5 15. b5
Ne5 16. Nxe5 Qxe5 17. Bd3 Bc5 18. f3 Nh5 19. Na4 Bd4 20. Bb2 Rad8 21. Bxd4 Rxd4
22. Kf2 Rfd8 23. g3 Nf6 24. c5 bxc5 25. Nb2 Nd7 26. Nc4 Qf6 27. Kg2 Ne5 28.
Nxe5 Qxe5 29. Be2 g5 30. Rxd4 Rxd4 31. Kf2 c4 32. Rd1 Rxd1 33. Qxd1 Qc5+ 34.
Kf1 c3 35. Bd3 Qxa3 36. Bc2 Qc5 37. Qd3 Kf8 38. Qd7 Bc8 39. Qd8+ Kg7 40. e5
Qxb5+ 41. Bd3 Qd5 42. Qxg5+ Kf8 43. Ke2 Bb7 44. Qf6 Ke8 45. Qh8+ Kd7 46. Qf6
Kc8 47. Qxf7 Qxf3+ 48. Qxf3 Bxf3+ 49. Kxf3 a4 50. Ke3 Kc7 51. Kd4 a3 1-0

[Event "PARDUBICE OPEN 2007 "]
[Site "CEZ arena,  Pardubice  (CZE)"]
[Date "2007.07.27"]
[Round "8"]
[White "Kalod, Radek"]
[Black "Pribyl, Josef"]
[Result "1-0"]
[WhiteElo "2486"]
[BlackElo "2383"]
[PlyCount "139"]
[EventDate "2007.07.20"]

1. d4 Nf6 2. c4 c6 3. Nc3 d5 4. e3 g6 5. Nf3 Bg7 6. Bd3 O-O 7. O-O Nbd7 8. cxd5
cxd5 9. Qb3 e6 10. Bd2 a6 11. Rfc1 Re8 12. Ne2 Bf8 13. Rc2 Bd6 14. Bb4 Qb6 15.
Bxd6 Qxd6 16. Rac1 Rb8 17. Nf4 e5 18. dxe5 Nxe5 19. Nxe5 Qxe5 20. Qc3 Qxc3 21.
Rxc3 Rd8 22. f3 Kg7 23. Kf2 Bd7 24. Rb3 Rbc8 25. Rxc8 Bxc8 26. Rc3 Kf8 27. h4
h6 28. g4 Bd7 29. Rc7 d4 30. Rxb7 dxe3+ 31. Kxe3 g5 32. hxg5 hxg5 33. Ne2 Bc6
34. Rb3 a5 35. Bc4 Bd5 36. Bxd5 Nxd5+ 37. Kf2 Nf4 38. Nxf4 gxf4 39. Ke2 Rd5 40.
Rd3 Rb5 41. b3 a4 42. Kd2 axb3 43. axb3 f5 44. gxf5 Ke7 45. Kc3 Kf6 46. b4 Rb8
47. Kc4 Rc8+ 48. Kb3 Rb8 49. Rd5 Re8 50. Kc4 Rc8+ 51. Rc5 Re8 52. b5 Rb8 53.
Kd4 Kg5 54. Ke4 Ra8 55. f6+ Kxf6 56. Kxf4 Ra4+ 57. Kg3 Rb4 58. f4 Ke6 59. Kg4
Kf6 60. Rc6+ Kf7 61. b6 Rb1 62. Kg5 Ke7 63. Rh6 Rg1+ 64. Kf5 Rb1 65. Rh7+ Kd6
66. b7 Kc6 67. Kf6 Rb2 68. f5 Rb1 69. Re7 Rb2 70. Kf7 1-0

[Event "PARDUBICE OPEN 2007 "]
[Site "CEZ arena,  Pardubice  (CZE)"]
[Date "2007.07.27"]
[Round "8"]
[White "Totsky, Leonid"]
[Black "Spirin, Oleg"]
[Result "1-0"]
[WhiteElo "2484"]
[BlackElo "2356"]
[PlyCount "131"]
[EventDate "2007.07.20"]

1. b3 c5 2. Bb2 b6 3. Nf3 Bb7 4. e3 e6 5. d4 Nf6 6. Nbd2 Be7 7. Bd3 d6 8. O-O
O-O 9. Qe2 Nbd7 10. Rad1 Qc7 11. c4 Rfe8 12. Bb1 a6 13. Rfe1 Rac8 14. Nf1 Ne4
15. Ng3 Ndf6 16. Nxe4 Nxe4 17. dxc5 Qxc5 18. Nd4 Qg5 19. f3 Nf6 20. e4 Qc5 21.
Kh1 h6 22. Nc2 Nd7 23. Ba3 Qc7 24. Ne3 Bc6 25. Qd2 Nc5 26. Bb2 Nd7 27. Ng4 Bf8
28. Qd4 e5 29. Qd2 b5 30. Ne3 Nb6 31. Bd3 Be7 32. Bf1 Red8 33. Qa5 Qb7 34. Nf5
Bf8 35. Ba3 bxc4 36. bxc4 Qc7 37. Rb1 Na4 38. Qxc7 Rxc7 39. Rb3 g6 40. Ne3 Be7
41. Kg1 Kf8 42. Reb1 Rcc8 43. g3 Bg5 44. Kf2 Ke7 45. Ng4 Ke8 46. h4 Bd2 47. Rd1
Bc3 48. Rxd6 Bd4+ 49. Ke1 Nc5 50. Rxd4 exd4 51. Bxc5 f5 52. Nf6+ Kf7 53. e5 Rb8
54. Bb6 Ba4 55. Bxd8 Bxb3 56. axb3 Rxd8 57. Kd2 a5 58. c5 Rc8 59. Bc4+ Ke7 60.
Kd3 Rxc5 61. Kxd4 Rc8 62. Nd5+ Kf8 63. e6 Rb8 64. e7+ Kf7 65. Ke5 Rb7 66. Kd6
1-0

[Event "PARDUBICE OPEN 2007 "]
[Site "CEZ arena,  Pardubice  (CZE)"]
[Date "2007.07.27"]
[Round "8"]
[White "Khmelniker, Ilya"]
[Black "Potapov, Alexander"]
[Result "1-0"]
[WhiteElo "2427"]
[BlackElo "2480"]
[PlyCount "47"]
[EventDate "2007.07.20"]

1. d4 d6 2. c4 f5 3. Nc3 Nf6 4. Bg5 Nbd7 5. h4 e5 6. dxe5 dxe5 7. Qc2 g6 8. h5
Rg8 9. hxg6 hxg6 10. O-O-O c6 11. e4 f4 12. Nf3 Qa5 13. c5 Bxc5 14. Bc4 Rf8 15.
Nh4 Nh7 16. Bh6 Nb6 17. Bb3 Bg4 18. Nxg6 Nd7 19. f3 Rf6 20. fxg4 Rxg6 21. Bf7+
Kxf7 22. Rxd7+ Be7 23. Qb3+ Re6 24. Rxe7+ 1-0

[Event "PARDUBICE OPEN 2007 "]
[Site "CEZ arena,  Pardubice  (CZE)"]
[Date "2007.07.27"]
[Round "8"]
[White "Grekh, Andrij"]
[Black "Ismagambetov, Anuar"]
[Result "1-0"]
[WhiteElo "2355"]
[BlackElo "2479"]
[PlyCount "61"]
[EventDate "2007.07.20"]

1. e4 c5 2. Nf3 e6 3. d4 cxd4 4. Nxd4 Nf6 5. Nc3 Nc6 6. Be3 Bb4 7. Bd3 d5 8.
O-O Bxc3 9. bxc3 dxe4 10. Bb5 Bd7 11. Bxc6 Bxc6 12. Nxc6 bxc6 13. Bc5 Qd5 14.
Ba3 O-O-O 15. Qe2 Qb5 16. Qe3 Qa4 17. Bc5 Kb7 18. Rab1+ Ka8 19. Rb3 Nd5 20. Qg3
Qa5 21. Bd4 c5 22. Bxg7 c4 23. Rb2 Rhg8 24. Qe5 Qc7 25. Qd4 f5 26. Be5 Qc6 27.
Rfb1 Nb6 28. Qe3 Rd5 29. Bd4 Na4 30. Rb7 Rd7 31. Qg3 1-0

[Event "PARDUBICE OPEN 2007 "]
[Site "CEZ arena,  Pardubice  (CZE)"]
[Date "2007.07.27"]
[Round "8"]
[White "Mamedov, Rauf"]
[Black "Ivanov, Alexey"]
[Result "1-0"]
[WhiteElo "2591"]
[BlackElo "2421"]
[PlyCount "51"]
[EventDate "2007.07.20"]

1. e4 c5 2. Nf3 d6 3. d4 cxd4 4. Qxd4 Nc6 5. Bb5 Bd7 6. Bxc6 Bxc6 7. Nc3 Nf6 8.
Bg5 e6 9. O-O-O Be7 10. Qd3 O-O 11. Nd4 Qc7 12. f4 Rfc8 13. Kb1 Be8 14. h4 a6
15. Rhe1 Kh8 16. e5 dxe5 17. fxe5 Ng8 18. Ne4 Bf8 19. c3 b5 20. Bc1 Qc4 21. Qc2
h6 22. g4 b4 23. b3 Qc7 24. c4 Ne7 25. Bxh6 gxh6 26. h5 1-0

[Event "PARDUBICE OPEN 2007 "]
[Site "CEZ arena,  Pardubice  (CZE)"]
[Date "2007.07.27"]
[Round "8"]
[White "Stocek, Jiri"]
[Black "Dobrowolski, Piotr"]
[Result "1/2-1/2"]
[WhiteElo "2572"]
[BlackElo "2413"]
[PlyCount "58"]
[EventDate "2007.07.20"]

1. e4 c5 2. Nf3 d6 3. d4 cxd4 4. Nxd4 Nf6 5. Nc3 Nc6 6. Bg5 Qb6 7. Nb3 e6 8.
Bd3 Be7 9. Qe2 a6 10. O-O Bd7 11. Rae1 Ne5 12. Kh1 Nxd3 13. cxd3 O-O 14. f4 Qd8
15. Nd4 h6 16. Bxf6 Bxf6 17. e5 Bh4 18. Rd1 dxe5 19. fxe5 Ba4 20. Nxa4 Qxd4 21.
Nc3 Rac8 22. g3 Be7 23. Rf4 Qd7 24. Rdf1 Qc6+ 25. Ne4 Qc2 26. R1f2 Qxe2 27.
Rxe2 Rc7 28. Kg2 Rd8 29. Nf2 b5 1/2-1/2

[Event "PARDUBICE OPEN 2007 "]
[Site "CEZ arena,  Pardubice  (CZE)"]
[Date "2007.07.27"]
[Round "8"]
[White "Zakhartsov, Viacheslav"]
[Black "Mankeyev, Rauan"]
[Result "1/2-1/2"]
[WhiteElo "2559"]
[BlackElo "2402"]
[PlyCount "48"]
[EventDate "2007.07.20"]

1. d4 Nf6 2. Nf3 e6 3. c4 c5 4. d5 exd5 5. cxd5 d6 6. Nc3 g6 7. Nd2 Bg7 8. e4
O-O 9. Be2 Re8 10. O-O a6 11. a4 Nbd7 12. Qc2 Qc7 13. h3 Rb8 14. Re1 c4 15.
Bxc4 b5 16. axb5 axb5 17. Bd3 b4 18. Ne2 Qxc2 19. Bxc2 Nc5 20. f3 Ba6 21. Nb3
Bxe2 22. Rxe2 Nxd5 23. Kf1 Nb6 24. Ra7 Nba4 1/2-1/2

[Event "PARDUBICE OPEN 2007 "]
[Site "CEZ arena,  Pardubice  (CZE)"]
[Date "2007.07.27"]
[Round "8"]
[White "Shtyrenkov, Veniamin"]
[Black "Cvek, Robert"]
[Result "1/2-1/2"]
[WhiteElo "2435"]
[BlackElo "2548"]
[PlyCount "66"]
[EventDate "2007.07.20"]

1. Nf3 Nf6 2. c4 e6 3. Nc3 Bb4 4. Qc2 O-O 5. g4 d5 6. g5 Nh5 7. Qb3 Nc6 8. a3
Bxc3 9. bxc3 Na5 10. Qa4 Nxc4 11. d3 Bd7 12. Qb4 Nd6 13. Bh3 e5 14. Bxd7 Qxd7
15. Qh4 Nf4 16. Nxe5 Ng2+ 17. Kf1 Qe6 18. Qg3 Nf5 19. Qxg2 Qxe5 20. Bd2 Rae8
21. Re1 f6 22. g6 hxg6 23. Qxg6 d4 24. c4 Re6 25. Qg4 Rf7 26. h4 Ne7 27. h5 f5
28. Qf4 Nc6 29. Qxe5 Nxe5 30. Bf4 Rfe7 31. Rb1 Ng4 32. Rb2 b6 33. Rg1 Kf7
1/2-1/2

[Event "PARDUBICE OPEN 2007 "]
[Site "CEZ arena,  Pardubice  (CZE)"]
[Date "2007.07.27"]
[Round "8"]
[White "Krumpacnik, Domen"]
[Black "Zhigalko, Andrey"]
[Result "0-1"]
[WhiteElo "2410"]
[BlackElo "2529"]
[PlyCount "74"]
[EventDate "2007.07.20"]

1. d4 Nf6 2. Nf3 e6 3. c4 b6 4. g3 Ba6 5. b3 Bb4+ 6. Bd2 Be7 7. Bg2 c6 8. O-O
d5 9. cxd5 cxd5 10. Ne5 Nfd7 11. Bc3 Nxe5 12. dxe5 Nc6 13. Nd2 O-O 14. Nf3 Rc8
15. Qd2 Ba3 16. Rfd1 Qe7 17. Rab1 Bb5 18. Bf1 a5 19. Bb2 Bb4 20. Qe3 Bc5 21.
Qd2 a4 22. Nd4 a3 23. Nxb5 axb2 24. Qxb2 f6 25. exf6 Rxf6 26. e3 Rcf8 27. Nd4
Rxf2 28. Rd2 Rxd2 29. Qxd2 Qg5 30. Rd1 e5 31. Nc2 Nb4 32. Bg2 e4 33. Nd4 Nd3
34. Nc2 Rf2 35. Qc3 Rxc2 36. Qxc2 Qxe3+ 37. Kh1 Nf2+ 0-1

[Event "PARDUBICE OPEN 2007 "]
[Site "CEZ arena,  Pardubice  (CZE)"]
[Date "2007.07.27"]
[Round "8"]
[White "Kulhanek, Tomas"]
[Black "Polzin, Rainer"]
[Result "0-1"]
[WhiteElo "2428"]
[BlackElo "2505"]
[PlyCount "94"]
[EventDate "2007.07.20"]

1. e4 c5 2. Nf3 d6 3. d4 cxd4 4. Nxd4 Nf6 5. Nc3 g6 6. Be2 Bg7 7. O-O O-O 8.
Be3 Nc6 9. Qd2 Bd7 10. f3 Nxd4 11. Bxd4 Qa5 12. Rfd1 Rfc8 13. a4 Be6 14. Kh1
Qh5 15. a5 g5 16. Ra4 g4 17. f4 Bd7 18. Rb4 Bc6 19. Bxf6 Bxf6 20. Nd5 Bxd5 21.
exd5 Rc7 22. h3 Qf5 23. hxg4 Qxc2 24. g5 Qxd2 25. Rxd2 Bg7 26. Bg4 Rb8 27. Re2
Kf8 28. g3 h6 29. gxh6 Bxh6 30. Bf5 Rc5 31. Rh2 Bg7 32. Be4 Rxa5 33. Kg2 Rc5
34. Kf3 b5 35. Rb3 a5 36. Rd3 a4 37. Rd1 b4 38. Rdh1 Rb6 39. Rb1 b3 40. Ke3 Ra6
41. Bd3 Raa5 42. Be4 a3 43. bxa3 Rxa3 44. Rd2 b2+ 45. Kf2 Rc1 46. Rd1 Ra1 47.
Rdxc1 Bd4+ 0-1

[Event "PARDUBICE OPEN 2007 "]
[Site "CEZ arena,  Pardubice  (CZE)"]
[Date "2007.07.27"]
[Round "8"]
[White "Sveshnikov, Evgeni"]
[Black "Okara, Andrei"]
[Result "1/2-1/2"]
[WhiteElo "2504"]
[BlackElo "2382"]
[PlyCount "84"]
[EventDate "2007.07.20"]

1. e4 c6 2. d4 d5 3. exd5 cxd5 4. Nf3 g6 5. Bf4 Bg7 6. c3 Nf6 7. Bd3 O-O 8.
Nbd2 Nc6 9. O-O Nh5 10. Be3 f6 11. c4 Be6 12. cxd5 Bxd5 13. g4 f5 14. gxh5 f4
15. hxg6 e5 16. dxe5 fxe3 17. fxe3 Nxe5 18. Nxe5 Qg5+ 19. Ng4 h5 20. Ne4 Rxf1+
21. Kxf1 Rf8+ 22. Kg1 Qh4 23. Bc2 Bc6 24. Qe2 hxg4 25. Rf1 Rxf1+ 26. Qxf1 Kh8
27. Qf4 Qe1+ 28. Kg2 Qe2+ 29. Kg3 Qf3+ 30. Qxf3 gxf3 31. Kxf3 Bxb2 32. Kf4 Kg7
33. Ng5 Bd5 34. Bb1 b5 35. Kf5 a5 36. e4 Bc4 37. e5 b4 38. e6 Bf6 39. h4 Be2
40. Bc2 Bh5 41. e7 Bxg6+ 42. Ke6 Bxe7 1/2-1/2

[Event "PARDUBICE OPEN 2007 "]
[Site "CEZ arena,  Pardubice  (CZE)"]
[Date "2007.07.27"]
[Round "8"]
[White "Zherebukh, Yaroslav"]
[Black "Kononenko, Dmitry"]
[Result "1-0"]
[WhiteElo "2418"]
[BlackElo "2501"]
[PlyCount "107"]
[EventDate "2007.07.20"]

1. e4 c5 2. Nf3 Nc6 3. d4 cxd4 4. Nxd4 Qb6 5. Nb3 Nf6 6. Nc3 e6 7. Qe2 Bb4 8.
Bd2 O-O 9. a3 Be7 10. e5 Ne8 11. O-O-O Qc7 12. f4 d6 13. exd6 Nxd6 14. g4 a5
15. Bg2 a4 16. Nc5 Na5 17. N3xa4 Ndc4 18. Bb4 Ra7 19. Qf2 b6 20. Nd3 Bxb4 21.
Nxb4 Bd7 22. Nc3 Rc8 23. Rd3 Be8 24. Rhd1 Qe7 25. Qd4 Rd7 26. Qe4 Rdc7 27. Rh3
h6 28. g5 f5 29. gxf6 Qxf6 30. Qd4 Qxd4 31. Rxd4 Nxa3 32. Re3 Bf7 33. Bh3 N3c4
34. Rxe6 Nxb2 35. Nbd5 Rc4 36. Rxc4 Rxc4 37. Kxb2 Bxe6 38. Bxe6+ Kf8 39. h4 h5
40. Kc1 Rd4 41. Bf5 Kf7 42. Bd3 Ke6 43. Nc7+ Kf7 44. N3d5 Nb3+ 45. Kb2 Nc5 46.
Kc3 Ra4 47. Bc4 Kg6 48. Nxb6 Ra1 49. Kd4 Nd7 50. Nxd7 Kf5 51. Ne5 Kxf4 52. Ne6+
Kg3 53. Nxg7 Kxh4 54. Be2 1-0